• 首页
  • 本馆介绍
  • 公告通知
  • 最新文献
  • 馆藏检索
  • 电子资源
  • 读者导购
  • 参考咨询
  • 我的图书馆
  • 登录
  • 详细信息显示
  • 放入我的书架
  • 预约/预借图书
  • 作者相关作品
  • 分类相关作品
  • 丛书相关作品
  • 出版社相关作品

书目信息

  • 表格格式
  • 工作单格式
  • 卡片格式
题名:
环渤海三角洲湿地的景观生态学研究
    
 
作者: 肖笃宁
分册:  
出版信息: 北京   科学出版社  2001
页数: 417页
开本: 28cm
丛书名: 地球科学系列
单 册:
中图分类: Q178.51
科图分类:
主题词: 水生生物学
电子资源:
ISBN: 7-03-009702-5
000 00641nam0 2200205 450
001 0736196517
005 20070924100316.51
010    @a7-03-009702-5@d¥78.00
100    @a20070924d km y0chiy0120 ea
101 0  @achi
200 1  @a环渤海三角洲湿地的景观生态学研究@Ahuan bo hai san jiao zhou shi di de jing guan sheng tai xue yan jiu@f肖笃宁等@Fxiao du ning deng
210    @a北京@c科学出版社@d2001
215    @a417页@c彩图@d28cm
225 2  @a地球科学系列
410  0 @12001 @a地球科学系列
606 0  @a水生生物学
690    @aQ178.51@v3
701  0 @a肖笃宁@Axiao du ning
801  0 @aCN@bPFT@c20070924
905    @a213230@dQ178.51@eZY1@f1
    
    环渤海三角洲湿地的景观生态学研究/肖笃宁等.-北京:科学出版社,2001
    417页:彩图;28cm.-(地球科学系列)
    
    
    ISBN 7-03-009702-5:¥78.00
    
●
相关链接 在E读中查询图书 在五车中查询图书 在当当中查询图书 在豆瓣中查询图书


正题名:环渤海三角洲湿地的景观生态学研究     索取号:Q178.51/ZY1         预约/预借

序号 登录号 条形码 馆藏地/架位号 状态 备注
1 7900697   279006978   密集书库-资源管理系/ [索取号:Q178.51/ZY1] 在馆    
唐山师范学院图书馆 欢迎您!
大连网信软件有限公司© 版权所有